| Tag |
First Indicator |
Second Indicator |
Subfields |
| LEADER |
00000ccm a2200000 a 4500 |
| 001 |
in00000071696 |
| 005 |
20151008062342.0 |
| 008 |
780221s1977 nyuopcn d n 1 engm |
| 010 |
|
|
|a 76055957
|
| 020 |
|
|
|a 0486234827
|c $7.50
|
| 035 |
|
|
|a (OCoLC)03654808
|
| 035 |
|
|
|9 AAK0038AM
|
| 040 |
|
|
|a DLC
|c IUL
|d m.c.
|d TXA
|d UtOrBLW
|
| 045 |
|
|
|a w7w9
|
| 049 |
|
|
|a TXAM
|c [1654798]
|
| 050 |
|
0 |
|a M1507.S95
|b S7
|
| 100 |
1 |
|
|a Sullivan, Arthur,
|d 1842-1900.
|
| 240 |
1 |
0 |
|a Operas.
|k Selections;
|o arranged
|
| 245 |
1 |
4 |
|a The authentic Gilbert & Sullivan songbook :
|b 92 unabridged selections from all 14 operas, reproduced from early vocal scores /
|c collected by Malcolm Binney and Peter Lavender ; selected and with plot summaries by James Spero.
|
| 264 |
|
1 |
|a New York, N.Y. : Dover Publications,
|b [publisher not identified] ;
|c 1977.
|
| 300 |
|
|
|a 1 vocal score (xi, 399 pages) ;
|c 31 cm.
|
| 336 |
|
|
|a notated music
|b ntm
|2 rdacontent
|
| 337 |
|
|
|a unmediated
|b n
|2 rdamedia
|
| 338 |
|
|
|a volume
|b nc
|2 rdacarrier
|
| 650 |
|
0 |
|a Operas
|v Excerpts
|v Vocal scores with piano.
|
| 700 |
1 |
|
|a Gilbert, W. S.
|q (William Schwenck),
|d 1836-1911.
|
| 700 |
1 |
|
|a Binney, Malcolm.
|
| 700 |
1 |
|
|a Lavender, Peter.
|
| 700 |
1 |
|
|a Spero, James.
|
| 999 |
|
|
|a MARS
|
| 999 |
f |
f |
|s b37ff283-f4a5-3ec8-afda-d41bd1d486c3
|i e3e93d06-9f50-30c2-9332-8d379dcbd5ad
|t 0
|
| 952 |
f |
f |
|p ric
|a Texas A&M University
|b Rellis Campus
|c Joint Library Facility
|d Remote Storage
|t 0
|e M1507.S95 S7
|h Library of Congress classification
|i unmediated -- volume
|m A14806164914
|
| 998 |
f |
f |
|a M1507.S95 S7
|t 0
|l Remote Storage
|